Ville de Nouvelle-Aquitaine - Mort subite - Statistiques

Statistiques générales
  • Ce quiz a été pris 599 fois
    427 depuis la dernière actualisation
  • Le résultat moyen est 7 sur 14
Answers on the Grid
Answers color-coded by a green-red scale on the quiz's grid according to % correct below.
Cognac
Tarbes
Bordeaux
Dax
Montluçcon
La Châtre
Agen
Aurillac
La Rochelle
Bayonne
Tours
Cholet
Limoges
Plabennec
Lourdes
Niort
La Roche-sur-Yon
Périgueux
Brive-la-Gaillarde
Montauban
Figeac
Biarritz
Angoulême
Clermont-Ferrand
Auch
Albi
Angers
Toulouse
Mérignac
Poitiers
 
Statistiques - réponses
Réponse % Correct
Bordeaux
60%
Bayonne
56%
Biarritz
55%
Mérignac
51%
Dax
49%
La Rochelle
47%
Angoulême
45%
Limoges
45%
Poitiers
45%
Périgueux
44%
Agen
43%
Cognac
39%
Niort
38%
Brive-la-Gaillarde
37%
Aucun quiz correspondant
Distribution des résultats
% des personnes avec chaque résultat
Percentile par nombre de réponses
Votre historique - résultats
Vous n’avez pas pris ce quiz depuis la dernière actualisation